| 000 | 00502nam a2200193Ia 4500 | ||
|---|---|---|---|
| 003 | GCL | ||
| 008 | 140319s9999 xx 000 0 eng d | ||
| 040 |
_aGCL / _cGCL |
||
| 082 | 0 | 4 |
_a759.73 _bA A |
| 100 | 1 | _aACKERMAN, GERALD | |
| 245 | 1 | 0 |
_aAMERICAN ORIENTALISTS / _cACKERMAN, GERALD |
| 260 |
_a[S.N] : _bACR EDITION INERNAIONALE ، _c1994 |
||
| 300 | _a288 P | ||
| 650 | 0 | 4 | _aARTS |
| 650 | 0 | 4 | _aORIENTALISTS |
| 650 | 0 | 4 | _aAMERICAN PAINTERS |
| 650 | 0 | 4 | _aORIENTALISTS PAINTINGS |
| 942 |
_2ddc _cBK |
||
| 999 |
_c15910 _d15910 |
||